| 000 | 02082nam a2200361 a 4500 | ||
|---|---|---|---|
| 001 | ebr10575646 | ||
| 003 | CaPaEBR | ||
| 006 | m u | ||
| 007 | cr cn||||||||| | ||
| 008 | 111121s2012 enka sb 001 0 eng d | ||
| 010 | _z 2011048151 | ||
| 020 | _z9781444330717 (hardcover : alk. paper) | ||
| 020 | _z9781118481400 (e-book) | ||
| 040 |
_aCaPaEBR _cCaPaEBR |
||
| 035 | _a(OCoLC)801816806 | ||
| 050 | 1 | 4 |
_aRD598.5 _b.H35 2012eb |
| 082 | 0 | 4 |
_a617.4/13 _223 |
| 245 | 0 | 0 |
_aHaimovici's vascular surgery _h[electronic resource] / _ceditor-in-chief, Enrico Ascher ; co-editors, Frank J. Veith, Peter Gloviczki ; associate editors, Keith D. Calligaro ... [et al.]. |
| 246 | 3 | _aVascular surgery | |
| 250 | _a6th ed. | ||
| 260 |
_aChichester, West Sussex [England] : _bWiley-Blackwell, _c2012. |
||
| 300 |
_axxiii, 1317 p. : _bill. (some col.) |
||
| 504 | _aIncludes bibliographical references and index. | ||
| 505 | 0 | _apt. 1. Vascular imaging techniques and physiologic testing -- pt. 2. Basic science in vascular diseases -- pt. 3. Basic open vascular techniques -- pt. 4. Open surgical exposure of arteries -- pt. 5. Cerebrovascular insufficiency -- pt. 6. Aortic and iliac aneurysms -- pt. 7. Visceral vessels -- pt. 8. Lower extremity occlusive and non-occlusive arterial disease -- pt. 9. Vascular trauma -- pt. 10. Upper extremity vascular disease -- pt. 11. Arterial-venous malformation, access for hemodialysis and portal hypertension -- pt. 12. Venous and lymphatic disorders -- pt. 13. Amputations and rehabilitation. | |
| 533 |
_aElectronic reproduction. _bPalo Alto, Calif. : _cebrary, _d2011. _nAvailable via World Wide Web. _nAccess may be limited to ebrary affiliated libraries. |
||
| 650 | 0 |
_aBlood-vessels _xSurgery. |
|
| 650 | 0 |
_aBlood-vessels _xDiseases _xDiagnosis. |
|
| 655 | 7 |
_aElectronic books. _2local |
|
| 700 | 1 |
_aHaimovici, Henry, _d1907-2001. |
|
| 700 | 1 | _aAscher, Enrico. | |
| 710 | 2 | _aebrary, Inc. | |
| 856 | 4 | 0 |
_uhttp://site.ebrary.com/lib/rucke/Doc?id=10575646 _zAn electronic book accessible through the World Wide Web; click to view |
| 999 |
_c78258 _d78258 |
||